{"text_format":"3","workbook":"xlsx","n_sheets":1,"sheets":["Taul1"],"read":"whole","date_system":"1900"}

{"sheet":"Taul1","index":0,"n_rows":27,"n_cols":32,"rows_kept":27}
["Paltamon Golfhovi Oy, Hallintavuorolista"]
[]
["Huoneistot / Osakkeet A…C",{"$nulls":7},"Apartments / Shares A…C"]
[null,"year",{"$nulls":15},"",{"$nulls":8},""]
[]
[null,"vuosi","week"]
[]
[null,2026,null,30,{"$f":"D8+1","v":31},{"$f":"E8+1","v":32},{"$f":"F8+1","v":33},{"$f":"G8+1","v":34},{"$f":"H8+1","v":35},{"$f":"I8+1","v":36},{"$f":"J8+1","v":37},{"$f":"K8+1","v":38},{"$f":"L8+1","v":39},{"$f":"M8+1","v":40},{"$f":"N8+1","v":41},{"$f":"O8+1","v":42},{"$f":"P8+1","v":43},{"$f":"Q8+1","v":44},{"$f":"R8+1","v":45},{"$f":"S8+1","v":46},{"$f":"T8+1","v":47},{"$f":"U8+1","v":48},{"$f":"V8+1","v":49},{"$f":"W8+1","v":50},{"$f":"X8+1","v":51},{"$f":"Y8+1","v":52},53]
[null,"Osake A",null,2,3,4,5,6,1,2,3,4,5,"H",6,1,2,3,4,5,6,1,2,3,4,5,6]
[null,"Osake B",null,2,3,4,5,6,1,2,3,4,5,"H",6,1,2,3,4,5,6,1,2,3,4,5,6]
[null,"Osake C",null,2,3,4,5,6,1,2,3,4,5,"H",6,1,2,3,4,5,6,1,2,3,4,5,6]
[]
[null,2027,null,1,2,3,4,5,6,7,8,9,10,11,12,13,14,15,16,17,18,19,20,21,22,23,24,25,26,27,28,29]
[null,"Osake A",null,1,2,3,4,5,6,1,2,3,4,5,6,1,2,3,4,5,6,1,2,3,4,5,6,1,2,3,4,5]
["  ","Osake B",null,1,2,3,4,5,6,1,2,3,4,5,6,1,2,3,4,5,6,1,2,3,4,5,6,1,2,3,4,5]
[null,"Osake C",null,1,2,3,4,5,6,1,2,3,4,5,6,1,2,3,4,5,6,1,2,3,4,5,6,1,2,3,4,5]
[]
[null,2027,null,30,{"$f":"D18+1","v":31},{"$f":"E18+1","v":32},{"$f":"F18+1","v":33},{"$f":"G18+1","v":34},{"$f":"H18+1","v":35},{"$f":"I18+1","v":36},{"$f":"J18+1","v":37},{"$f":"K18+1","v":38},{"$f":"L18+1","v":39},{"$f":"M18+1","v":40},{"$f":"N18+1","v":41},{"$f":"O18+1","v":42},{"$f":"P18+1","v":43},{"$f":"Q18+1","v":44},{"$f":"R18+1","v":45},{"$f":"S18+1","v":46},{"$f":"T18+1","v":47},{"$f":"U18+1","v":48},{"$f":"V18+1","v":49},{"$f":"W18+1","v":50},{"$f":"X18+1","v":51},{"$f":"Y18+1","v":52}]
[null,"Osake A",null,6,1,2,3,4,5,6,1,2,3,"H",4,5,6,1,2,3,4,5,6,1,2,3]
[null,"Osake B",null,6,1,2,3,4,5,6,1,2,3,"H",4,5,6,1,2,3,4,5,6,1,2,3]
[null,"Osake C",null,6,1,2,3,4,5,6,1,2,3,"H",4,5,6,1,2,3,4,5,6,1,2,3]
[]
[]
[null,"Numeroidun kalenteriviikon mukainen käyttöoikeus alkaa viikkoa edeltävänä perjantaina klo 16.00"]
[null,"The numbered week starts on previous Friday at 16.00."]
[null,"H = huoltoviikko"]
[null,"H = service week"]